000 00716nam a22002777a 4500
001 21373
003 UA-OsUOA
005 20220206152327.0
007 ta
008 20031201b un ||||| |||| 00| 0 ukr d
020 _a966-7330-11-7
040 _aUA-OsUOA
_bukr
_cUA-OsUOA
_dUA-OsUOA
041 _aukr
044 _aUA
080 _a336.717(075.8)
090 _a336.717(075.8)
_bР93
100 _aРибай О. Й.
245 _aОперації Ощадного банку України
_bнавч. посіб.
260 _aКиїв
_bЗнання
_c1998
300 _a153 с.
650 7 _2UDC
700 _aТабачук Г. П.
700 _aХміль Л. М.
942 _cBK
_2udc
955 _a0
999 _c307568
_d307568